000
00324nam a2200133Ia 4500
005
20260328104319.0
008
260328s9999||||xx |||||||||||||| ||und||
100
_a
Bernabei, Giancarlo
245
0
_a
Otto Wagner /
_c
Giancarlo Bernabei
260
_b
Gustavo Gili
300
_a
2018 p.
650
_a
ARQUITECTOS
942
_c
BK
999
_c
11301
_d
11301